| 000 | 00864nam a2200265 i 4500 | ||
|---|---|---|---|
| 001 | bg | ||
| 100 | 1 | _aORLIKOWSKI, Cezary | |
| 245 | 1 | 0 |
_aModelowanie, analiza i synteza układów dynamicznych z zastosowaniem grafów wiązań / _cCezary Orlikowski. |
| 260 |
_aGdańsk : _bWydaw. PG, _c2005. |
||
| 300 |
_a209 s. : _brys., wykr. ; _c24 cm. |
||
| 490 | 1 |
_aMonografie / Politechnika Gdańska ; _v55 |
|
| 500 | _aStreszcz. pol., ang. | ||
| 504 | _aBibliogr. | ||
| 650 | 9 |
_aUkłady dynamiczne _xbadanie _xmetody |
|
| 650 | 9 |
_aGrafy _xstosowanie _xtechnika |
|
| 650 | 9 |
_aModele matematyczne _xstosowanie _xtechnika |
|
| 830 | 0 |
_aMonografie (Politechnika Gdańska) ; _v55 |
|
| 020 | _a8373481125 | ||
| 040 | _cBPK | ||
| 041 | 0 |
_apol _beng |
|
| 080 | _a621.01:519.1:519.86 | ||
| 920 | _a83-7348-112-5 | ||
| 942 | _cKS | ||
| 008 | s pl f |000 0 pol | ||
| 999 |
_c46420 _d46420 |
||
| 856 |
_uhttp://koha.tu.koszalin.pl/cgi-bin/koha/opac-detail.pl?biblionumber=46420 _yKatalog online BPK |
||